1st Overall pick - Statistics

General Stats
  • This quiz has been taken 29 times
    19 since last reset
  • The average score is 20 of 26
Answer Stats
Hint Answer Ring count % Correct
2025 Mavericks Cooper Flagg 0
94%
2014 Cavaliers Andrew Wiggins 1
88%
2020 Timberwolves Anthony Edwards 0
88%
2016 76ers Ben Simmons 0
88%
2009 Clippers Blake Griffin 0
88%
2021 Pistons Cade Cunningham 0
88%
2018 Suns Deandre Ayton 0
88%
2008 Bulls Derrick Rose 0
88%
2007 Trailblazers Greg Oden 0
88%
2010 Wizards John Wall 0
88%
2011 Cavaliers Kyrie Irving 1
88%
2003 Cavaliers LeBron James 4
88%
2022 Magic Paolo Banchero 0
88%
2023 Spurs Victor Wembanyama 0
88%
2019 Pelicans Zion Williamson 0
88%
2012 Pelicans Anthony Davis 1
81%
2015 Timberwolves Karl-Anthony Towns 0
81%
2017 76ers Markelle Fultz 0
81%
2024 Hawks Zaccharie Risacher 0
81%
2013 Cavaliers Anthony Bennett 0
69%
2004 Magic Dwight Howard 1
69%
2005 Bucks Andrew Bogut 1
63%
2002 Rockets Yao Ming 0
63%
2006 Raptors Andrea Bargnani 0
56%
2001 Wizards Kwame Brown 0
50%
2000 Nets Kenyon Martin 0
31%
No matching quizzes found
Score Distribution
Percent of People with Each Score
Percentile by Number Answered
Your Score History
You have not taken this quiz since the last reset